[Event "Tespo Engineering"]
[Site "Brno CZE"]
[Date "2007.07.01"]
[Round "3"]
[White "Chytilek,R"]
[Black "Cernousek,L"]
[Result "1/2-1/2"]
[WhiteElo "2399"]
[BlackElo "2411"]

1.Nf3 d5 2.d4 Nf6 3.c4 dxc4 4.e3 e6 5.Bxc4 c5 6.Bb3 a6 7.O-O b5 8.e4 Nxe4
9.d5 c4 10.dxe6 Bxe6 11.Qxd8+ Kxd8 12.Bc2 Nc5 13.a4 b4 14.Nd4 Bd5 15.Rd1 Nbd7
16.Bf4 g6 17.Ne2 Be6 18.Nd2 Bg7 19.Ne4 b3 20.Nxc5 bxc2 21.Nxe6+ fxe6 22.Rd2 Bxb2
23.Rf1 c3 24.Rxc2 Rc8 25.Bg5+ Ke8 26.Bc1 Bxc1 27.Rfxc1 Ke7 28.Nxc3 Rc4 29.Kf1 Rhc8
30.Ke2 Nb6 31.a5 Nd7 32.Kd3 Ne5+ 33.Kd2 Nc6 34.Ra2 Nd4 35.Rb2 Nb5 36.Rb3 Rd8+
37.Ke3 Nd6 38.f3 Rdc8 39.Kd2 R8c5 40.Ra1 Kd7 41.Ne2 Nb5 42.Rd3+ Kc7 43.Ke3 Re5+
44.Kd2 Kc6 45.g3 Kc5 46.Rd7 Rd5+ 47.Rxd5+ exd5 48.Kd3 Kb4 49.h4 Na7 50.Rb1+ Kxa5
51.Rb7 Nc6 52.Rxh7 Kb4 53.g4 a5 54.h5 gxh5 55.Rxh5 a4 56.f4 a3 57.Rh1 Kb3
58.g5 Kb2 59.g6 a2 60.g7 Ne7 61.f5 Ng8 62.Rf1 a1=Q 63.Rxa1 Kxa1 64.Ke3 Kb2
65.Nf4 Re4+ 66.Kf3 Re7 67.Nxd5 Rxg7 68.Ke4 Kb3 69.f6 Rb7 70.Kf5 Kc4 71.Ne3+ Kd4
72.Ng4 Kd5 73.Ne3+ Kd6 74.Nc4+ Kc5 75.Ne5 Kd5 76.f7 Nh6+ 77.Kf6 Rb6+ 78.Kg5 Nxf7+
79.Nxf7 Rb7 80.Nh6 Ke4 81.Kf6 Kf4 82.Nf7 Rb6+ 83.Ke7 Kf5 84.Nd6+ Ke5 85.Nf7+ Kd5
86.Ng5 Ra6 87.Nf7 Rg6 88.Kd7 Re6 89.Nd8 Ra6 90.Ke7 Ra7+  1/2-1/2

[Event "Tespo Engineering"]
[Site "Brno CZE"]
[Date "2007.07.05"]
[Round "7"]
[White "Brener,I"]
[Black "Cernousek,L"]
[Result "1-0"]
[WhiteElo "2413"]
[BlackElo "2411"]

1.Nf3 d5 2.d4 Nf6 3.c4 dxc4 4.e3 e6 5.Bxc4 c5 6.O-O a6 7.a4 Nc6 8.Qe2 Qc7
9.Nc3 b6 10.Bd2 Bb7 11.d5 exd5 12.Nxd5 Nxd5 13.Bxd5 Bd6 14.Bc3 O-O 15.Qc4 Rae8
16.Rfd1 Ne5 17.Bxe5 Bxe5 18.Bxb7 Qxb7 19.Nxe5 Rxe5 20.Rd6 b5 21.axb5 axb5
22.Qd3 Re7 23.h3 h6 24.Ra5 c4 25.Qd4 Rb8 26.Raa6 Qe4 27.Rab6 Rxb6 28.Qxe4 Rxe4
29.Rxb6 Re5 30.Kf1 f5 31.g3 Kh7 32.h4 g5 33.hxg5 hxg5 34.Ke2 g4 35.Rd6 Rc5
36.Kd2 b4 37.Kc2 c3 38.bxc3 Rxc3+ 39.Kb2 Kg7 40.Rd4 Kg6 41.Rxb4 Rd3 42.Rd4  1-0

[Event "DS"]
[Site "Brno CZE"]
[Date "2007.07.07"]
[Round "10"]
[White "Roubalik,J"]
[Black "Pertlova,S"]
[Result "1-0"]
[WhiteElo "2122"]
[BlackElo "2171"]

1.d4 d5 2.c4 dxc4 3.Nf3 Nf6 4.e3 c5 5.Bxc4 e6 6.O-O Nc6 7.Nc3 a6 8.Qe2 cxd4
9.exd4 Be7 10.Rd1 O-O 11.d5 exd5 12.Nxd5 Nxd5 13.Bxd5 Qe8 14.Re1 Be6 15.Bxe6 fxe6
16.Qxe6+ Kh8 17.Bg5 Bxg5 18.Qxe8 Raxe8 19.Nxg5 Kg8 20.Kf1 h6 21.Ne6 Rf6 22.Nc5 Ref8
23.f3 Rf5 24.Rac1 Nb4 25.a3 Rxc5 26.Rxc5 Nd3 27.Rc7 Nxe1 28.Kxe1 b5 29.Rc6 Ra8
30.Rb6 Rc8 31.Kd2 Rc4 32.Rxa6 b4 33.Ra4  1-0

[Event "Open"]
[Site "Banska Stiavnica SVK"]
[Date "2007.07.13"]
[Round "7"]
[White "Lipka,J"]
[Black "Jurcik,Mari"]
[Result "1-0"]
[WhiteElo "2431"]
[BlackElo "2367"]

1.Nf3 d5 2.d4 Nf6 3.c4 dxc4 4.e3 e6 5.Bxc4 c5 6.O-O a6 7.dxc5 Qxd1 8.Rxd1 Bxc5
9.Nbd2 Nbd7 10.Be2 Ke7 11.Nc4 Ne4 12.Nd4 Rd8 13.f3 Nd6 14.Nb3 Nxc4 15.Nxc5 Nxc5
16.Rxd8 Kxd8 17.Bxc4 Bd7 18.Bd2 Bb5 19.Rc1 Bxc4 20.Rxc4 Nd7 21.Bc3 f6 22.Rg4 g5
23.h4 h6 24.hxg5 hxg5 25.f4 f5 26.Rxg5 Kc7 27.e4 Rf8 28.exf5 exf5 29.Rg6 Rf7
30.Kf2 Nc5 31.Kf3 Kd7 32.g4 fxg4+ 33.Kxg4 Nd3 34.Rg7 Rxg7+ 35.Bxg7 Ke6 36.f5+ Kf7
37.Bc3 b5 38.b4 Nc1 39.a3 Ne2 40.Bb2 Ke7 41.Kf3 Ng1+ 42.Ke4 Nh3 43.Kd5 Kd7
44.Kc5 Ng5 45.Kb6 Nf7 46.Kxa6 Kc6 47.a4 bxa4 48.b5+ Kc7 49.b6+ Kb8 50.b7  1-0

[Event "XXII Tadeusz Gniota Mem"]
[Site "Police POL"]
[Date "2007.07.15"]
[Round "5"]
[White "Sopur,L"]
[Black "Tokarczyk,T"]
[Result "1-0"]
[WhiteElo "2389"]
[BlackElo "2112"]

1.d4 d5 2.c4 dxc4 3.Nf3 Nf6 4.e3 e6 5.Bxc4 c5 6.O-O a6 7.Bb3 b5 8.a4 b4 9.e4 Bb7
10.e5 Nd5 11.Bg5 Qc7 12.Nbd2 h6 13.Bh4 Nd7 14.Rc1 Rc8 15.Ne4 Qb8 16.Re1 g5
17.Bg3 g4 18.Nfd2 h5 19.Bh4 Nf4 20.Nc4 Bxe4 21.Rxe4 Ng6 22.Bg5 cxd4 23.Rxd4 Nc5
24.Bf6 Rg8 25.a5 Nxb3 26.Qxb3 Bc5 27.Nb6 Nxe5 28.Qa4+  1-0

[Event "22nd North Sea Cup"]
[Site "Esbjerg DEN"]
[Date "2007.07.18"]
[Round "8"]
[White "Ivanov,MM"]
[Black "Rasmussen,A"]
[Result "1/2-1/2"]
[WhiteElo "2455"]
[BlackElo "2446"]

1.d4 d5 2.c4 dxc4 3.Nf3 Nf6 4.e3 e6 5.Bxc4 c5 6.O-O a6 7.Bb3 cxd4 8.exd4 Nc6
9.Nc3 Be7 10.Bg5 O-O 11.Rc1 Na5 12.Bc2 b5 13.Qd3 g6 14.Bh6 Re8 15.Ne5 Bb7
16.Rfe1 Rc8 17.Qh3 Qd6 18.Rcd1 Nc4 19.Bb3 Qb6 20.Be3 Bd5 21.Nxd5 exd5 22.Bg5 Bf8
23.Qf3 Bg7 24.Bxf6 Qxf6 25.Qxd5 Rcd8 26.Qf3 Nxe5 27.dxe5 Qxf3 28.gxf3 Rxd1
29.Rxd1 Rxe5 30.Rd8+ Bf8 31.Ra8 Rf5 32.Kg2 Rf6 33.Bd5 Kg7 34.Bb7 Rb6 35.Bxa6 Bd6
36.a3 b4 37.a4 b3 38.Bc4 Be5 39.Ra7 Bxb2 40.Rxf7+ Kh6 41.a5 Rb4 42.Bd5 Rb5
43.Rd7 Rxa5 44.Bxb3 Rg5+ 45.Kf1 Rf5 46.Bg8 Bg7 47.Kg2 Rg5+ 48.Kf1 Rf5 49.Kg2  1/2-1/2

[Event "Czech Open GMA"]
[Site "Pardubice CZE"]
[Date "2007.07.21"]
[Round "2"]
[White "Zilberman,Y"]
[Black "Bystrov,SM"]
[Result "1-0"]
[WhiteElo "2473"]
[BlackElo "2317"]

1.d4 d5 2.Nf3 Nf6 3.c4 dxc4 4.e3 e6 5.Bxc4 c5 6.O-O a6 7.dxc5 Qxd1 8.Rxd1 Bxc5
9.b3 b5 10.Be2 Bb7 11.Bb2 Nbd7 12.Nbd2 O-O 13.a4 bxa4 14.Rxa4 Nb6 15.Raa1 Rfd8
16.Rdc1 Rdc8 17.Kf1 h6 18.Ne5 Bb4 19.Ndc4 Nxc4 20.Nxc4 a5 21.f3 Nd5 22.g3 Ba6
23.Bd4 f6 24.e4 Ne7 25.Nb6 Rxc1+ 26.Rxc1 Bxe2+ 27.Kxe2 Rd8 28.Be3 Rd6 29.Rc7 Rd8
30.Nc4 Kf8 31.Bc5 Rb8 32.Bxe7+ Bxe7 33.Nxa5 Rb5 34.Nc6 Bd6 35.Nd4 Bxc7 36.Nxb5 Bb8
37.Nd4 Kf7 38.Kd3  1-0

[Event "MTO"]
[Site "Biel SUI"]
[Date "2007.07.25"]
[Round "3"]
[White "Shipov,S"]
[Black "Edouard,R"]
[Result "1/2-1/2"]
[WhiteElo "2559"]
[BlackElo "2483"]

1.d4 d5 2.c4 dxc4 3.Nf3 Nf6 4.e3 e6 5.Bxc4 c5 6.O-O a6 7.Bb3 Nbd7 8.a4 Be7
9.Nc3 O-O 10.Qe2 b6 11.d5 exd5 12.Nxd5 Nxd5 13.Bxd5 Ra7 14.Rd1 Qc7 15.b3 Bb7
16.Bb2 Bf6 17.Bxf6  1/2-1/2

[Event "Open Women Bulgarian Ch"]
[Site "Vratsa BUL"]
[Date "2007.07.26"]
[Round "2"]
[White "Voiska,M"]
[Black "Chilingirova,P"]
[Result "1/2-1/2"]
[WhiteElo "2314"]
[BlackElo "2189"]

1.d4 d5 2.c4 dxc4 3.Nf3 Nf6 4.e3 e6 5.Bxc4 c5 6.O-O Nc6 7.a3 a6 8.dxc5 Qxd1
9.Rxd1 Bxc5 10.b4 Ba7 11.Bb2 b5 12.Be2 O-O  1/2-1/2

[Event "MTO"]
[Site "Biel SUI"]
[Date "2007.07.27"]
[Round "5"]
[White "Cvitan,O"]
[Black "Edouard,R"]
[Result "1-0"]
[WhiteElo "2529"]
[BlackElo "2483"]

1.d4 d5 2.c4 dxc4 3.Nf3 Nf6 4.e3 e6 5.Bxc4 c5 6.O-O a6 7.Bb3 Nbd7 8.a4 Be7
9.Nc3 O-O 10.Qe2 b6 11.dxc5 Nxc5 12.Bc2 Nd5 13.Nxd5 Qxd5 14.Rd1 Qh5 15.b4 Nd7
16.Rb1 Ne5 17.Be4 Ra7 18.Qc2 Ng4 19.Bb2 Bb7 20.Bxb7 Rxb7 21.h3 Nf6 22.Bxf6 Bxf6
23.b5 a5 24.Nd4 Bxd4 25.Rxd4 Qe5 26.Rc1 g6 27.Qc6 Rbb8 28.g3 Qf5 29.Kg2 e5
30.e4 Qg5 31.Rd7 Qh5 32.Rc3 Qe2 33.Qd5 Rbe8 34.Rcc7 Re6 35.Qxe6 Qxe4+ 36.Kh2  1-0

[Event "Open NK"]
[Site "Dieren NED"]
[Date "2007.07.27"]
[Round "4"]
[White "Gofshtein,Z"]
[Black "Brandenburg,D"]
[Result "1/2-1/2"]
[WhiteElo "2541"]
[BlackElo "2433"]

1.Nf3 d5 2.d4 Nf6 3.c4 dxc4 4.e3 e6 5.Bxc4 c5 6.O-O a6 7.a4 Nc6 8.Qe2 cxd4
9.Rd1 Be7 10.exd4 O-O 11.Nc3 Nb4 12.Ne5 Bd7 13.Bf4 Nfd5 14.Bg3 Rc8 15.Qf3 Bc6
16.Nxc6 Rxc6 17.Bb3 Qa5 18.Be5 Bf6 19.Nxd5 Nxd5 20.Qg3 Bxe5 21.dxe5 Rd8 22.h4 Rcc8
23.Qf3 Rc5 24.Rd4 Qc7 25.Qe2 Ne7 26.Rxd8+ Qxd8 27.Rd1 Qc7 28.h5 Rc1 29.Bc2 Rxd1+
30.Qxd1 Nd5 31.Qe2  1/2-1/2

[Event "Arximiro Penide Cedeira Mem"]
[Site "Arteixo ESP"]
[Date "2007.07.28"]
[Round "3"]
[White "Milchev,N"]
[Black "Dimitrov,Vl"]
[Result "1/2-1/2"]
[WhiteElo "2315"]
[BlackElo "2452"]

1.d4 d5 2.Nf3 Nf6 3.c4 dxc4 4.e3 e6 5.Bxc4 c5 6.O-O a6 7.a4 Nc6 8.Nc3 Be7
9.Qe2 cxd4 10.Rd1 O-O 11.exd4 Nb4  1/2-1/2

[Event "Arximiro Penide Cedeira Mem"]
[Site "Arteixo ESP"]
[Date "2007.07.28"]
[Round "4"]
[White "Iotov,V"]
[Black "Ivanov,Jo"]
[Result "1-0"]
[WhiteElo "2502"]
[BlackElo "2382"]

1.d4 d5 2.Nf3 Nf6 3.c4 dxc4 4.e3 e6 5.Bxc4 c5 6.O-O a6 7.Bb3 Nc6 8.Qe2 cxd4
9.Rd1 Be7 10.Nxd4 Qc7 11.Nc3 O-O 12.e4 Nxd4 13.Rxd4 Bc5 14.Rd3 b5 15.e5 Nd7
16.Bf4 Bb7 17.Rad1 Nb6 18.Bc2 f5 19.Bb3 Rfe8 20.Qh5 b4 21.Qxf5 Qc6 22.Rg3 bxc3
23.Rd6 Bxd6 24.Rxg7+ Kxg7 25.Bh6+ Kxh6 26.Qf6+ Kh5 27.Bd1+ Qf3 28.Bxf3+ Bxf3
29.Qxf3+ Kg6 30.Qf6+ Kh5 31.h3 Rg8 32.g4+ Rxg4+ 33.hxg4+ Kxg4 34.exd6 c2
35.Qxe6+ Kg5 36.Qe3+  1-0

[Event "Arximiro Penide Cedeira Mem"]
[Site "Arteixo ESP"]
[Date "2007.07.28"]
[Round "4"]
[White "Larrosa Vila,Jo"]
[Black "Berbatov,K"]
[Result "0-1"]
[WhiteElo "2265"]
[BlackElo "2096"]

1.d4 d5 2.c4 dxc4 3.Nf3 Nf6 4.e3 e6 5.Bxc4 c5 6.O-O a6 7.a4 Nc6 8.Nc3 Qc7
9.Qe2 Bd6 10.Rd1 O-O 11.h3 b6 12.d5 exd5 13.Nxd5 Nxd5 14.Bxd5 Bb7 15.b3 Nd4
16.exd4 Bxd5 17.dxc5 Bxf3 18.Qxf3 Bxc5 19.Bb2 Rfd8 20.Qc3 f6 21.Rac1 Qf4
22.Qc4+ Qxc4 23.bxc4 Kf7 24.Kf1 Rac8 25.Ke2 Ke6 26.g4 g6 27.Kf3 Rxd1 28.Rxd1 Bb4
29.Rd4 Rc5 30.Re4+ Kf7 31.Bd4 Rc6 32.Bb2 Bc5 33.Ke2 Rd6 34.Bc3 Re6 35.f3 Rxe4+
36.fxe4 Ke6 37.Kf3 Bd6 38.a5 bxa5 39.Bxa5 Kd7 40.Ke3 Bc7 41.Bc3 Be5 42.Bb4 Kc6
43.Kd3 Kb6 44.Be7 a5 45.Bd8+ Ka6 46.g5 fxg5 47.Bxg5 a4 48.Be7 Kb6 49.Bb4 Kc6
50.c5 Kb5 51.Ba3 g5 52.c6 Kxc6 53.Be7 h5 54.Bxg5 a3  0-1

[Event "Open NK"]
[Site "Dieren NED"]
[Date "2007.07.30"]
[Round "6"]
[White "Van Vliet,H"]
[Black "Struik,T"]
[Result "0-1"]
[WhiteElo "2023"]
[BlackElo "2185"]

1.d4 d5 2.Nf3 Nf6 3.e3 e6 4.c4 dxc4 5.Bxc4 c5 6.Nc3 a6 7.a4 Nc6 8.O-O Be7
9.dxc5 O-O 10.Qe2 Bxc5 11.Rd1 Qc7 12.e4 Ng4 13.Rf1 Nd4  0-1

[Event "Arximiro Penide Cedeira Mem"]
[Site "Arteixo ESP"]
[Date "2007.07.31"]
[Round "8"]
[White "Iotov,V"]
[Black "Berbatov,K"]
[Result "1/2-1/2"]
[WhiteElo "2502"]
[BlackElo "2096"]

1.d4 d5 2.Nf3 Nf6 3.c4 dxc4 4.e3 e6 5.Bxc4 c5 6.O-O a6 7.e4 Nxe4 8.d5 Be7
9.dxe6 Bxe6 10.Qxd8+ Kxd8 11.Bxe6 fxe6 12.Re1 Nd6 13.Nc3 Nc6 14.Bf4 Rf8 15.Bg3 Nf5
16.Rad1+ Ke8 17.Rxe6 Nxg3 18.hxg3 Kf7 19.Re3 Rad8 20.Rde1 Bf6 21.Ne4 Rd5
22.g4 b5 23.Nxf6 gxf6 24.Re6 Rc8 25.Nh4 h5 26.Nf5 Ne5 27.Rxa6 Rcd8 28.Ra7+ R8d7
29.Rxd7+ Nxd7 30.Re7+ Kf8 31.gxh5 Rxf5 32.Rxd7 Rxh5 33.a3 Ke8 34.Rb7 c4 35.g4 Rc5
36.Kg2 c3 37.bxc3 Rxc3 38.Rxb5 Rxa3 39.Rb7 Kf8 40.f3 Rc3 41.Kg3 Ra3 42.Rc7 Rb3
43.Ra7 Rc3 44.Kf4 Rb3 45.Ke4 Ke8 46.Rc7 Rb5 47.Ra7 Rb3 48.f4 Rb5 49.f5 Kf8
50.Rd7 Rb4+ 51.Rd4 Rb5 52.Rd7 Rb4+ 53.Kf3 Rb3+ 54.Kf4 Ra3 55.Rb7 Rc3 56.Ra7 Rb3
57.Rc7 Ra3 58.Ke4 Ra4+ 59.Kf3 Ra3+ 60.Ke4 Ra4+ 61.Kd5 Rxg4 62.Ke6 Ra4 63.Rc8+ Kg7
64.Rc7+ Kf8 65.Rd7 Ra1 66.Rd2 Ra3 67.Rd6 Rh3 68.Ra6 Rh1 69.Ra8+ Kg7 70.Ra7+ Kf8
71.Rd7 Rh2 72.Kxf6 Rh6+ 73.Kg5 Ra6 74.Rb7 Rc6 75.Rh7 Ra6 76.Rb7 Rc6 77.f6 Rc1  1/2-1/2

[Event "Open NK"]
[Site "Dieren NED"]
[Date "2007.07.31"]
[Round "7"]
[White "Struik,T"]
[Black "Maenhout,T"]
[Result "1/2-1/2"]
[WhiteElo "2185"]
[BlackElo "2302"]

1.d4 d5 2.Nf3 Nf6 3.c4 dxc4 4.e3 e6 5.Bxc4 c5 6.O-O a6 7.dxc5 Qxd1 8.Rxd1 Bxc5
9.Nbd2 Nbd7 10.Nb3 Be7 11.Nfd4 Nb6 12.Be2 Nbd5 13.f3 e5 14.Nc2 Be6 15.e4 Nb4
16.Nxb4 Bxb4 17.Be3 Rc8 18.Rac1 Rxc1 19.Nxc1 Nd7 20.Nd3 Bd6 21.b3 Ke7 22.Rc1 f6
23.Kf2 Rd8 24.g4 Rb8 25.h4 Ba3 26.Rc2 Kd8 27.g5 Rc8 28.Rxc8+  1/2-1/2

[Event "Arximiro Penide Cedeira Mem"]
[Site "Arteixo ESP"]
[Date "2007.08.01"]
[Round "9"]
[White "Dimitrov,Vl"]
[Black "Ivanov,Jo"]
[Result "1/2-1/2"]
[WhiteElo "2452"]
[BlackElo "2382"]

1.d4 d5 2.Nf3 Nf6 3.c4 dxc4 4.e3 e6 5.Bxc4 c5 6.O-O a6 7.dxc5 Qxd1 8.Rxd1 Bxc5
9.b3 Nbd7 10.Bb2 b6 11.Be2 Bb7  1/2-1/2

[Event "MTO"]
[Site "Biel SUI"]
[Date "2007.08.01"]
[Round "9"]
[White "Bozinovic,Bog"]
[Black "Kleibaumhueter,K"]
[Result "1-0"]
[WhiteElo "2280"]
[BlackElo "2133"]

1.d4 d5 2.Nf3 Nf6 3.c4 dxc4 4.e3 e6 5.Bxc4 c5 6.O-O a6 7.e4 cxd4 8.e5 Nd5
9.Nxd4 b5 10.Bb3 Bb7 11.Qg4 h5 12.Nxe6 hxg4 13.Nxd8 Kxd8 14.Rd1 Nd7 15.Bxd5 Bxd5
16.Rxd5 Rh5 17.Bf4 Ke7 18.Nc3 Ke6 19.Rd4 Bc5 20.Re4 Rah8 21.Bg3 Nxe5 22.Rae1 f6
23.Rxg4 Kf7 24.Bxe5 fxe5 25.h3 Bd4 26.Re2 Rc8 27.Ne4 Rc6 28.Ng3 Rh7 29.Nf5 Rc1+
30.Kh2 Bb6 31.Rd2 Rf1 32.Nd6+ Kf8 33.Ne4 Bd4 34.Ng3 Rb1 35.Nf5 Bc5 36.Rc2 Bb6
37.Rg6 Bd8  1-0

[Event "MTO"]
[Site "Biel SUI"]
[Date "2007.08.02"]
[Round "10"]
[White "Doric,D"]
[Black "Klundt,K"]
[Result "1/2-1/2"]
[WhiteElo "2488"]
[BlackElo "2375"]

1.d4 d5 2.c4 dxc4 3.Nf3 Nf6 4.e3 e6 5.Bxc4 c5 6.O-O a6 7.a4 Nc6 8.Qe2 cxd4
9.Rd1 Be7 10.exd4 O-O 11.Nc3 Nb4 12.Ne5 Bd7 13.Bb3 Bc6 14.h4 Bd5 15.Nxd5 Nfxd5
16.g3 Rc8 17.Rb1 Qd6 18.Bd2 Nc6 19.Nf3 Bf6 20.Qe4 g6 21.Re1 Rfd8 22.Rbd1  1/2-1/2

[Event "IM"]
[Site "Dubna RUS"]
[Date "2007.08.03"]
[Round "3"]
[White "Gorbatenko,K"]
[Black "Rysbayeva,N"]
[Result "0-1"]
[WhiteElo "2084"]
[BlackElo "2054"]

1.d4 d5 2.c4 dxc4 3.e3 Nf6 4.Nf3 e6 5.Bxc4 c5 6.Nc3 a6 7.a4 Nc6 8.O-O cxd4
9.exd4 Be7 10.Bg5 O-O 11.Ba2 Nb4 12.Bb1 b6 13.Ne5 Bb7 14.Re1 Nbd5 15.Qd3 g6
16.Qh3 Nh5 17.Bxe7 Qxe7 18.Qg4 Ndf4 19.g3 f5 20.Qd1 Nh3+ 21.Kf1 f4 22.g4 Qh4
23.Qd2 Ng3+ 24.hxg3 fxg3 25.f3 Bxf3 26.Nxf3 Rxf3+ 27.Kg2 Rf2+ 28.Qxf2 gxf2
29.Re4 Rf8 30.Ba2 f1=Q+  0-1

[Event "IM"]
[Site "Dubna RUS"]
[Date "2007.08.04"]
[Round "5"]
[White "Savina,A"]
[Black "Rysbayeva,N"]
[Result "1/2-1/2"]
[WhiteElo "2209"]
[BlackElo "2054"]

1.d4 d5 2.c4 dxc4 3.Nf3 Nf6 4.e3 e6 5.Bxc4 c5 6.O-O a6 7.a4 Nc6 8.Qe2 Qc7
9.Rd1 Bd6 10.Nc3 O-O 11.b3 b6 12.Bb2 cxd4 13.exd4 Bb7 14.d5 Ne5 15.Nxe5 Bxe5
16.dxe6 Bxh2+ 17.Kh1 fxe6 18.Qxe6+ Kh8 19.Nd5 Nxd5 20.Bxd5 Rae8 21.Qh3 Bxd5
22.Rxd5 Be5 23.Rc1 Qb8 24.Bxe5 Rxe5 25.Rxe5 Qxe5 26.Qe3 Qd6 27.Kg1 h6 28.Re1 Qf6
29.f3 Rd8 30.Qe7 Qxe7 31.Rxe7 Rd3 32.b4 Rb3 33.Ra7 Rb1+ 34.Kf2 Rb2+ 35.Kg3 b5
36.Rxa6 Rxb4 37.axb5 Rxb5 38.f4 Kh7 39.Kg4 h5+ 40.Kh4 g6 41.Ra7+ Kh6 42.g4 hxg4
43.Kxg4 Rb1 44.Ra5 Rg1+ 45.Kf3 Rf1+ 46.Ke4 Kg7 47.Ra7+  1/2-1/2

[Event "IM"]
[Site "Dubna RUS"]
[Date "2007.08.06"]
[Round "7"]
[White "Gunina,V"]
[Black "Rysbayeva,N"]
[Result "1-0"]
[WhiteElo "2361"]
[BlackElo "2054"]

1.d4 d5 2.c4 dxc4 3.Nf3 Nf6 4.e3 e6 5.Bxc4 c5 6.O-O a6 7.Bb3 cxd4 8.exd4 Nc6
9.Nc3 Be7 10.Bg5 O-O 11.a3 b5 12.Qd3 Bb7 13.Rfd1 Rc8 14.Rac1 Na5 15.Bc2 g6
16.Ne5 Nc4 17.Nxc4 bxc4 18.Qh3 Nd5 19.Bxe7 Qxe7 20.Ne4 f5 21.Nc5 Rxc5 22.dxc5 Nf4
23.Qe3 Nxg2 24.Qh6 Nh4 25.Rd6 Nf3+ 26.Kf1 Ne5 27.Qe3 Ng4 28.Qxe6+ Qxe6 29.Rxe6 Nxh2+
30.Ke2 Nf3 31.Re7 Bc6 32.Rd1 Ng5 33.Rd6 Rc8 34.f4 Nf7 35.Rf6 Bd5 36.Ke3 Rxc5
37.Kd4 Rc6 38.Rexf7 Bxf7 39.Rxc6 h5 40.Ke5 Kg7 41.Bd1 a5 42.Rc7 h4 43.Bf3 c3
44.bxc3 Kf8 45.Kf6 g5 46.Rc8+ Be8 47.Bh5  1-0

[Event "UTwente YM"]
[Site "Hengelo NED"]
[Date "2007.08.07"]
[Round "3"]
[White "Iljin,A"]
[Black "Brandenburg,D"]
[Result "1/2-1/2"]
[WhiteElo "2569"]
[BlackElo "2433"]

1.d4 d5 2.Nf3 Nf6 3.c4 dxc4 4.e3 e6 5.Bxc4 c5 6.O-O a6 7.a4 Nc6 8.Qe2 cxd4
9.Rd1 Be7 10.exd4 O-O 11.Nc3 Nb4 12.Ne5 Bd7 13.Bg5 Rc8 14.Bb3 Bc6 15.Nxc6 Rxc6
16.Bxf6 Bxf6 17.d5 exd5 18.Nxd5 Nxd5 19.Bxd5 Rd6 20.Bxb7 Bd4 21.Kh1 Re8 22.Qc2 Qe7
23.Bc6 Qe2 24.Qd2 Rxc6 25.Qxe2  1/2-1/2

[Event "FSGM August"]
[Site "Budapest HUN"]
[Date "2007.08.08"]
[Round "3"]
[White "Bui Vinh"]
[Black "Lapshun,Y"]
[Result "1-0"]
[WhiteElo "2466"]
[BlackElo "2479"]

1.d4 d5 2.c4 dxc4 3.Nf3 Nf6 4.e3 e6 5.Bxc4 c5 6.O-O a6 7.a4 Nc6 8.Qe2 Qc7
9.Rd1 Be7 10.dxc5 Bxc5 11.b3 O-O 12.Bb2 e5 13.Nc3 e4 14.Ng5 Bg4 15.Nd5 Bxe2
16.Nxc7 Bxc4 17.bxc4 Rac8 18.Nd5 Na5 19.Nxf6+ gxf6 20.Nxe4 Be7 21.Rd7 Nxc4
22.Bd4 f5 23.Rxe7 fxe4 24.Rxb7 Rfe8 25.Ra7 Re6 26.Rc1 Rec6 27.h4 h5 28.Re7 Re6
29.Rd7 Kh7 30.Rxf7+ Kg6 31.Rg7+ Kh6 32.Rg5 Rg6 33.Rxg6+ Kxg6 34.f3 Kf5 35.Kf2 Rc6
36.Ke2 Rc8 37.Kf2 Rc6 38.Rb1 Nd6 39.Kg3 Ke6 40.fxe4 Nxe4+ 41.Kf4 Kd5 42.Rb8 Rg6
43.Rd8+ Nd6 44.Kf3 Kc4 45.Rh8 Kb4 46.Rxh5 Kxa4 47.g4 a5 48.Rd5  1-0

[Event "Open"]
[Site "Callao PER"]
[Date "2007.08.09"]
[Round "2"]
[White "Salas,Cr"]
[Black "Terry,R"]
[Result "1/2-1/2"]
[WhiteElo "2412"]
[BlackElo "2203"]

1.d4 d5 2.c4 dxc4 3.e3 Nf6 4.Bxc4 e6 5.Nf3 c5 6.O-O a6 7.dxc5 Qxd1 8.Rxd1 Bxc5
9.b3 b6 10.Nc3 b5 11.Be2 Bb7 12.Ne5 Nbd7 13.Nxd7 Nxd7 14.Bb2 Ke7 15.Rac1 Rhc8
16.Bf3 Bxf3 17.gxf3 f5 18.Ne2 g6 19.Nf4 Bd6 20.Nd3 e5 21.f4 e4 22.Ne5 Nc5
23.Ba3 Ke6 24.Bxc5 Rxc5 25.Nc6 Rc8 26.Rxc5 Bxc5 27.Nd4+ Bxd4 28.Rxd4 Rc2
29.a4 Rc3 30.Rd8 bxa4 31.bxa4 Rc4 32.Rh8 h5 33.h4 Rxa4 34.Rg8 Kf7 35.Rb8 a5
36.Rb7+ Kf6 37.Rb6+ Kg7 38.Rb7+ Kh6 39.Ra7 Ra2 40.Kg2 a4 41.Kg1 a3 42.Kg2 Ra1
43.Kh2 Ra2 44.Kg1 Ra1+ 45.Kg2 Ra2 46.Kg1 Ra1+ 47.Kg2 Ra2  1/2-1/2

[Event "IM"]
[Site "Dubna RUS"]
[Date "2007.08.10"]
[Round "15"]
[White "Savina,A"]
[Black "Rysbayeva,A"]
[Result "1-0"]
[WhiteElo "2209"]
[BlackElo "2170"]

1.d4 d5 2.c4 dxc4 3.Nf3 Nf6 4.e3 e6 5.Bxc4 c5 6.O-O a6 7.a4 Nc6 8.Qe2 Qc7
9.Rd1 Bd6 10.dxc5 Bxc5 11.b3 O-O 12.Bb2 e5 13.Nc3 e4 14.Ng5 Bg4 15.Nd5 Bxe2
16.Nxc7 Bxd1 17.Nxa8 Bg4 18.Bxf6 gxf6 19.Nxe4 Be7 20.Nb6 Nb4 21.Nd5 Nxd5
22.Bxd5 b6 23.Bc4 a5 24.Nc3 Bc5 25.h3 Be6 26.Rd1 Bxc4 27.bxc4 Rc8 28.Nd5 Kg7
29.Kf1 Rc6 30.Ke2 f5 31.Kd3 Rg6 32.g3 Rh6 33.h4 Re6 34.Kc2 Rc6 35.Kc3 Rd6
36.Rd3 h6 37.h5 Rd8 38.Rd1 Rd6 39.Rb1 Kf8 40.Rb5 Rc6 41.Nf4 Bb4+ 42.Kd4 Rd6+
43.Nd5 Bc5+ 44.Ke5 Kg7 45.Kxf5 Re6 46.Rb3 Rc6 47.f4 Re6 48.g4 Rc6 49.Ke4 f6
50.Kf5 Kf7 51.Rb5 Re6 52.e4 Bd4 53.Nc7 Rc6 54.Rd5 Rxc4 55.Rd7+ Kg8 56.Kg6 Kf8
57.Ne6+ Ke8 58.Rxd4 Rc1 59.Kxf6 Rc8 60.Ng7+ Kf8 61.Rd7 Kg8 62.Ne6 Rc6 63.g5 hxg5
64.fxg5 b5 65.Rd8+ Kh7  1-0

[Event "ch-AUT w"]
[Site "Tweng AUT"]
[Date "2007.08.10"]
[Round "7"]
[White "Horvath,Maria AUT"]
[Black "Sommer,S"]
[Result "0-1"]
[WhiteElo "2004"]
[BlackElo "1990"]

1.d4 d5 2.Nf3 Nf6 3.c4 dxc4 4.e3 e6 5.Bxc4 c5 6.O-O a6 7.Bb3 Nc6 8.Nc3 Be7
9.Re1 O-O 10.a3 b5 11.a4 b4 12.Ne2 Qb6 13.Nd2 Rd8 14.dxc5 Bxc5 15.Ng3 a5
16.Qc2 Ba6 17.Bc4 Ne5 18.Bxa6 Qxa6 19.Nb3 Bb6 20.Qe2 Qd3 21.Qxd3 Rxd3 22.Nd2 Rc8
23.Ngf1 Rc2 24.h3 Bc5 25.Kh1 b3 26.Kg1 Bb4 27.e4 Nc4 28.Nf3 h6 29.Ne3 Bxe1
30.Nxe1 Rxc1 31.Rxc1 Nxb2 32.Nxd3 Nxd3 33.Rc8+ Kh7 34.f3 b2 35.Rb8 Nb4  0-1

[Event "Open"]
[Site "Callao PER"]
[Date "2007.08.11"]
[Round "4"]
[White "Pacheco,M"]
[Black "Terry,R"]
[Result "1/2-1/2"]
[WhiteElo "2405"]
[BlackElo "2203"]

1.d4 d5 2.c4 dxc4 3.Nf3 Nf6 4.e3 e6 5.Bxc4 c5 6.O-O a6 7.dxc5 Qxd1 8.Rxd1 Bxc5
9.Nbd2 O-O 10.Nb3 Be7 11.Bd2 b6 12.Be1 Nbd7 13.Be2 Bb7 14.Rac1 Rac8 15.Nfd4 Rfd8
16.Bf3 Bxf3 17.Nxf3 Nc5 18.Rxd8+ Rxd8 19.Nxc5 Bxc5 20.Kf1 Kf8 21.Ke2 Nd5
22.g4 Ke8 23.h3 f6 24.a3 e5 25.Bd2 Kd7 26.Ne1 e4 27.Rc4 Re8 28.Nc2 g6 29.Bb4 Bxb4
30.Nxb4 Nxb4 31.Rxb4 Re6 32.Rd4+ Ke7 33.Rc4 Kd7 34.Rd4+ Ke7 35.Rc4 Kd7 36.Rd4+  1/2-1/2

[Event "Open"]
[Site "Kavala GRE"]
[Date "2007.08.11"]
[Round "8"]
[White "Maric,A"]
[Black "Kozhuharov,S"]
[Result "1-0"]
[WhiteElo "2398"]
[BlackElo "2477"]

1.Nf3 d5 2.d4 Nf6 3.c4 dxc4 4.e3 e6 5.Bxc4 c5 6.O-O a6 7.Bd3 Nbd7 8.a4 Be7
9.Nc3 b6 10.Qe2 Bb7 11.Rd1 Qc7 12.Bd2 O-O 13.Rac1 Rfd8 14.e4 Qb8 15.e5 Nd5
16.Ng5 g6 17.Nxh7 cxd4 18.Nxd5 Bxd5 19.Bf4 Ra7 20.Ng5 Kg7 21.Re1 Nc5 22.Rcd1 Nxa4
23.Nxf7 Kxf7 24.Bxg6+ Kg8 25.Bf7+ Kxf7 26.Qh5+ Kg8 27.Qg6+ Kh8 28.Rd3 Bh4
29.Rh3 Rg7 30.Rxh4+ Kg8 31.Qh5 Rxg2+ 32.Kf1 Rg7 33.Qh8+ Kf7 34.Qh5+ Ke7 35.Bg5+ Kd7
36.Rxd4 Rdg8 37.h4 Nc5 38.b4 Nb3 39.Rxd5+ exd5 40.Qd1 Qb7 41.Qxb3 Kc8 42.e6 Kb8
43.e7 Qc6 44.Qe3  1-0

[Event "Open"]
[Site "Callao PER"]
[Date "2007.08.13"]
[Round "8"]
[White "Chauca,J"]
[Black "Aliaga Fernandez,I"]
[Result "1/2-1/2"]
[WhiteElo "2133"]
[BlackElo "2065"]

1.d4 d5 2.c4 dxc4 3.Nf3 Nf6 4.e3 e6 5.Bxc4 c5 6.O-O a6 7.a4 Nc6 8.Qe2 cxd4
9.Rd1 Be7 10.exd4 O-O 11.Nc3 Nb4 12.Ne5 Bd7 13.d5 exd5 14.Nxd5 Nbxd5 15.Bxd5 Nxd5
16.Rxd5 Bg4 17.Qd3 Qxd5 18.Qxd5 Rad8 19.Qb3 Rd1+ 20.Qxd1 Bxd1 21.Bg5 Bxg5
22.Rxd1 Rd8 23.Rxd8+ Bxd8 24.Kf1 f6 25.Nd3 Be7 26.Ke2 Kf7 27.Ke3 Ke6 28.Kd4 b6
29.g4 g6 30.Nf4+ Kd6 31.Nd5 Bd8 32.f4 h6 33.f5 gxf5 34.gxf5 b5 35.axb5 axb5
36.b4 Kc6 37.Ke4 Kd6 38.h4 Kc6 39.h5 Kd6 40.Ne3 Bc7 41.Ng4 Ke7 42.Kd5 Bd6
43.Nxf6 Bxb4 44.Ng8+ Kf7 45.Nxh6+ Kf6 46.Ke4 Kg5 47.Nf7+ Kxh5 48.Ne5  1/2-1/2

[Event "Acropolis Open"]
[Site "Athens GRE"]
[Date "2007.08.16"]
[Round "3"]
[White "Graf,A"]
[Black "Goritsas,C"]
[Result "1-0"]
[WhiteElo "2595"]
[BlackElo "2327"]

1.d4 d5 2.c4 dxc4 3.Nf3 Nf6 4.e3 e6 5.Bxc4 c5 6.Qe2 a6 7.dxc5 Bxc5 8.O-O Nc6
9.e4 b5 10.Bd3 Nb4 11.Rd1 Qb6 12.Bg5 Bb7 13.Nc3 Nxd3 14.Rxd3 Rc8 15.Rad1 Qc7
16.a3 O-O 17.Bxf6 gxf6 18.Qd2 Kg7 19.Rd7 Qb8 20.e5 Bxf3 21.exf6+ Kg6 22.Qd3+ Be4
23.Nxe4 Qe5  1-0

[Event "Open A"]
[Site "Polanica Zdroj POL"]
[Date "2007.08.17"]
[Round "1"]
[White "Sopur,L"]
[Black "Siembab,B"]
[Result "1-0"]
[WhiteElo "2389"]
[BlackElo "2210"]

1.d4 Nf6 2.Nf3 d5 3.c4 dxc4 4.e3 e6 5.Bxc4 c5 6.O-O a6 7.Bb3 b5 8.a4 b4 9.Qe2 Be7
10.e4 O-O 11.Rd1 Bb7 12.e5 Nd5 13.Nbd2 cxd4 14.Nc4 Nd7 15.Rxd4 Nc5 16.Bc2 b3
17.Bb1 Bc6 18.h4 Bxa4 19.Ng5 Bxg5 20.Bxg5 Qc7 21.Qh5 f5 22.exf6 Nxf6 23.Bxf6 gxf6
24.Nb6 Rad8 25.Rc4 f5 26.Nxa4 Qe5 27.Rxc5 Qe1+ 28.Kh2 Rd1 29.Bxf5 Qg1+ 30.Kg3 Rd3+
31.Bxd3 Qxf2+ 32.Kh2  1-0